| 000 | 00634cab a2200217 4500 | ||
|---|---|---|---|
| 001 | Z3831 | ||
| 008 | 090401t1993 xxu||||| |||| 00| 0 eng d | ||
| 035 | _a(Sirsi) u55432 | ||
| 041 | _aeng | ||
| 100 | _aBarnett, A. | ||
| 245 | 4 | _aThe man who would be king | |
| 260 | _c1993 | ||
| 350 | _a0 | ||
| 490 |
_aEstates Gazette _v(9326) 3 July 1993, 38-39(2) |
||
| 520 | _aA profile of Clive Lewis, incoming president of the RICS, and an exposition of his presidential agenda. | ||
| 650 | _aCLIVE LEWIS | ||
| 650 | _aPROFILE | ||
| 690 | _aMANAGEMENT-BUSINESS MANAGEMENT-PROFESSIONAL PRACTICE | ||
| 942 | _n0 | ||
| 948 | _c04/03/1997 | ||
| 999 |
_c33865 _d33865 |
||